| 000 | 03652namaa22004451i 4500 | ||
|---|---|---|---|
| 003 | EG-GICUC | ||
| 005 | 20260121124855.0 | ||
| 008 | 260117b2025 ua a|||frm||| 000 0 eng d | ||
| 040 |
_aEG-GICUC _beng _cEG-GICUC _dEG-GICUC _erda |
||
| 041 | 0 |
_aeng _beng _bara |
|
| 049 | _aDeposit | ||
| 082 | 0 | 4 | _a628.3 |
| 092 |
_a628.3 _221 |
||
| 097 | _aPh.D | ||
| 099 | _aCai01.13.04.Ph.D.2025.Sa.E | ||
| 100 | 0 |
_aSalem Mohammed Maher Salem-Gaballah, _epreparation. |
|
| 245 | 1 | 3 |
_aAn enhanced Fenton’s fluidized bed reactor for phenolic wastewater treatment / _cby Salem Mohammed Maher Salem-Gaballah ; Supervisors Prof. Dr. Mai Mohammed Fouad, Dr. Fatma Ibrahim Barakat, Dr. Aliaa Abdelfatah Mohammed. |
| 246 | 1 | 5 | _aفينتون ذو مهد مائع محسن لمعالجة المياه العادمة الفينولية |
| 264 | 0 | _c2025. | |
| 300 |
_a246 pages : _billustrations ; _c30 cm. + _eCD. |
||
| 336 |
_atext _2rda content |
||
| 337 |
_aUnmediated _2rdamedia |
||
| 338 |
_avolume _2rdacarrier |
||
| 502 | _aThesis (Ph.D)-Cairo University, 2025. | ||
| 504 | _aBibliography: pages 223-261. | ||
| 520 | 3 | _aThis thesis studies the application of Fenton’s catalytic oxidation for the remediation of phenolic wastewaters. Fenton’s nano-catalyst was selected from has been chosen as heterogeneous Fenton’s nano-catalyst, and was incorporated into PVA in different weight ratios. The composite with 80 php has the highest ferromagnetic character as well as the highest dielectric constant. Fluidization hydrodynamics was studied in the three phase fluidized bed reactor under oscillating magnetic field. A dynamical model was proposed based on the three reactant model. | |
| 520 | 3 | _aتدرس هذه الأطروحة تطبيق أكسدة فينتون الحفزية لمعالجة مياه الصرف الفينولية. اختير محفز فينتون النانومتري من سلسلة ، 0<x<0.6. أُدمج بنسب مختلفة في PVA، وأُضيف GO 5% لتعزيز التوصيلية ونقل الإلكترونات من إلى . أظهر المتراكب النانوي البوليمري 80 جزءًا/100 من PVA (وزن/وزن) أعلى خصائص مغناطيسية حديدية، بالإضافة إلى استجابة عازلية عالية. دُرست هيدروديناميكية تمييع جسيمات المحفز المغناطيسي البوليمري في مفاعل ثلاثي الأطوار ذي مهد مميع . اقتُرح نموذج نظري لوصف سلوك التمييع تحت تأثير المجال المغناطيسي المتذبذب. دُرست النمذجة الديناميكية لتحلل مياه الصرف الفينولية في مفاعل الطبقة المميعة ثلاثي الأطوار (غاز-سائل-صلب) بالاعتماد على نموذج التفاعل المثلثي. | |
| 530 | _aIssues also as CD. | ||
| 546 | _aText in English and abstract in Arabic & English. | ||
| 650 | 0 | _awastewater treatment | |
| 650 | 0 | _aمعالجة مياه الصرف الصحي | |
| 653 | 1 |
_aWastewater _aphenolic _aferrites _afluidized bed _amagnetic field _aالمياه العادمة _aالفينولية |
|
| 700 | 0 |
_aMai Mohammed Fouad _ethesis advisor. |
|
| 700 | 0 |
_aFatma Ibrahim Barakat _ethesis advisor. |
|
| 700 | 0 |
_aAliaa Abdelfatah Mohammed _ethesis advisor. |
|
| 900 |
_b01-01-2025 _cMai Mohammed Fouad _cFatma Ibrahim Barakat _cAliaa Abdelfatah Mohammed _UCairo University _FFaculty of Engineering _DDepartment of Chemical Engineering |
||
| 905 |
_aShimaa _eEman Ghareb |
||
| 942 |
_2ddc _cTH _e21 _n0 |
||
| 999 | _c177774 | ||